<?xml version="1.0" encoding="UTF-8"?>
<record
    xmlns:xsi="http://www.w3.org/2001/XMLSchema-instance"
    xsi:schemaLocation="http://www.loc.gov/MARC21/slim http://www.loc.gov/standards/marcxml/schema/MARC21slim.xsd"
    xmlns="http://www.loc.gov/MARC21/slim">

  <leader>02047    a2200229   4500</leader>
  <controlfield tag="001">45845</controlfield>
  <controlfield tag="005">20260407155730.0</controlfield>
  <controlfield tag="008">260407a1972    arg                 spa d</controlfield>
  <controlfield tag="003">AR-UNSa-BCEJYS</controlfield>
  <datafield tag="040" ind1=" " ind2=" ">
    <subfield code="a">AR-UNSa-BCEJYS</subfield>
    <subfield code="b">spa</subfield>
    <subfield code="c">AR-UNSa-BCEJYS</subfield>
  </datafield>
  <datafield tag="080" ind1=" " ind2=" ">
    <subfield code="a">316.324.7</subfield>
    <subfield code="x">Sociedades industriales  </subfield>
  </datafield>
  <datafield tag="245" ind1="1" ind2="0">
    <subfield code="a">El nuevo estado industrial</subfield>
  </datafield>
  <datafield tag="250" ind1=" " ind2=" ">
    <subfield code="a">5a. ed.</subfield>
  </datafield>
  <datafield tag="264" ind1=" " ind2="1">
    <subfield code="a">Barcelona :</subfield>
    <subfield code="b">Ariel</subfield>
    <subfield code="c">1972</subfield>
  </datafield>
  <datafield tag="300" ind1=" " ind2=" ">
    <subfield code="a">503 p.</subfield>
    <subfield code="c">19 cm.</subfield>
  </datafield>
  <datafield tag="505" ind1=" " ind2=" ">
    <subfield code="a">1. El cambio y el sistema industrial &#x2013; 2. Los imperativos de la tecnolog&#xED;a &#x2013; 3. La naturaleza de la planificaci&#xF3;n industrial &#x2013; 4. La planificaci&#xF3;n y la oferta de capitales &#x2013; 5. Capital y poder &#x2013; 6. La tecnostructura &#x2013; 7. La gran sociedad an&#xF3;nima &#x2013; 8. El empresario y la tecnostructura &#x2013; 9. Excurso sobre el socialismo &#x2013; 10. La contradicci&#xF3;n aceptada &#x2013; 11. La teor&#xED;a general de la motivaci&#xF3;n &#x2013; 12. Perspectivas de la motivaci&#xF3;n &#x2013; 13. Motivaci&#xF3;n y tecnostructura &#x2013; 14. El principio de coherencia &#x2013; 15. Los objetivos del sistema industrial &#x2013; 16. Los precios en el sistema industrial &#x2013; 17. Los precios en el sistema industrial (continuaci&#xF3;n) &#x2013; 18. La gesti&#xF3;n de la demanda espec&#xED;fica &#x2013; 19. Revisi&#xF3;n de una secuencia &#x2013; 20. La regulaci&#xF3;n de la demanda agregada &#x2013; 21. La naturaleza del empleo y del desempleo &#x2013; 22. El control de la espiral de los precios y salarios &#x2013; 23. El sistema industrial y el sindicato, I &#x2013; 24. El sistema industrial y el sindicato, II: el sindicato ministerial &#x2013; 25. El estamento pedag&#xF3;gico y cient&#xED;fico &#x2013; 26. El sistema industrial y el estado, I &#x2013; 27. El sistema industrial y el estado, II &#x2013; 28. Un resumen m&#xE1;s &#x2013; 29. El sistema industrial y la guerra fr&#xED;a &#x2013; 30. Las dem&#xE1;s dimensiones &#x2013; 31. Las lagunas del plan &#x2013; 32. Sobre el trabajo &#x2013; 33. Educaci&#xF3;n y emancipaci&#xF3;n &#x2013; 34. La direcci&#xF3;n pol&#xED;tica &#x2013; 35. El futuro del sistema industrial  - </subfield>
  </datafield>
  <datafield tag="041" ind1=" " ind2=" ">
    <subfield code="a">spa</subfield>
  </datafield>
  <datafield tag="942" ind1=" " ind2=" ">
    <subfield code="c">BK</subfield>
  </datafield>
  <datafield tag="590" ind1=" " ind2=" ">
    <subfield code="a">niveau_biblio:m niveau_hierar:0</subfield>
  </datafield>
  <datafield tag="100" ind1="1" ind2=" ">
    <subfield code="a">Sacrist&#xE1;n, Manuel</subfield>
  </datafield>
  <datafield tag="700" ind1="1" ind2=" ">
    <subfield code="a">Galbraith, John Kenneth</subfield>
  </datafield>
  <datafield tag="999" ind1=" " ind2=" ">
    <subfield code="c">4027</subfield>
    <subfield code="d">4027</subfield>
  </datafield>
  <datafield tag="952" ind1=" " ind2=" ">
    <subfield code="0">0</subfield>
    <subfield code="1">0</subfield>
    <subfield code="4">0</subfield>
    <subfield code="7">0</subfield>
    <subfield code="a">BCEJYS</subfield>
    <subfield code="b">BCEJYS</subfield>
    <subfield code="c">16</subfield>
    <subfield code="d">2026-04-07</subfield>
    <subfield code="l">0</subfield>
    <subfield code="o">316.324.7 G148 5ed.</subfield>
    <subfield code="p">L26293</subfield>
    <subfield code="r">2026-04-07 15:57:30</subfield>
    <subfield code="w">2026-04-07</subfield>
    <subfield code="y">L</subfield>
  </datafield>
  <datafield tag="952" ind1=" " ind2=" ">
    <subfield code="0">0</subfield>
    <subfield code="1">0</subfield>
    <subfield code="4">0</subfield>
    <subfield code="7">0</subfield>
    <subfield code="a">BCEJYS</subfield>
    <subfield code="b">BCEJYS</subfield>
    <subfield code="c">16</subfield>
    <subfield code="d">2026-04-07</subfield>
    <subfield code="l">0</subfield>
    <subfield code="o">316.324.7 G148 5ed.</subfield>
    <subfield code="p">L26295</subfield>
    <subfield code="r">2026-04-07 15:57:30</subfield>
    <subfield code="w">2026-04-07</subfield>
    <subfield code="y">L</subfield>
  </datafield>
  <datafield tag="952" ind1=" " ind2=" ">
    <subfield code="0">0</subfield>
    <subfield code="1">0</subfield>
    <subfield code="4">0</subfield>
    <subfield code="7">0</subfield>
    <subfield code="a">BCEJYS</subfield>
    <subfield code="b">BCEJYS</subfield>
    <subfield code="c">16</subfield>
    <subfield code="d">2026-04-07</subfield>
    <subfield code="l">0</subfield>
    <subfield code="o">316.324.7 G148 5ed.</subfield>
    <subfield code="p">L26294</subfield>
    <subfield code="r">2026-04-07 15:57:30</subfield>
    <subfield code="w">2026-04-07</subfield>
    <subfield code="y">L</subfield>
  </datafield>
</record>
